000 00248nam a2200097Ia 4500
001 646777
005 20250826153649.0
008 250824s9999 xx 000 0 und d
245 0 _aSEVGİLİ GÜNLÜĞÜM
_cMARİE BURLİNGTON
260 _bTİMAŞ ÇOCUK
999 _c646777
_d646777